00373nam a2200145Ia 4500008004100000020001500041082001500056100001500071245006600086250000600152260002500158300001000183500002400193650001000217230524s9999 xx 000 0 und d a8123911734 a526.9bJAC aJE Jackson 0aHigher Surveying (Plane and Geodetic Surveying for Engineers) a2 aNew DelhibCBSc2004 a288p; aQuantity Number: 2 aCivil